| 000 | 00700nam a22002417a 4500 | ||
|---|---|---|---|
| 005 | 20250508101853.0 | ||
| 008 | 250508b |||||||| |||| 00| 0 eng d | ||
| 037 | _cTB | ||
| 040 |
_aLCT _cLCT |
||
| 041 |
_2eng _aeng _heng |
||
| 084 | _aX:515:(Z) Q4 | ||
| 100 | _aRoy, Abir | ||
| 245 | _aCompetition Law in India/ | ||
| 250 | _a2nd ed. | ||
| 260 |
_aLucknow, India: _bEastern Book Company(EBC), _c2014 |
||
| 300 | _a769p. | ||
| 650 | _2law | ||
| 650 |
_a Antitrust law _9755469 |
||
| 650 |
_aAntitrust law India _9751509 |
||
| 650 |
_aCompetition law India _9755470 |
||
| 700 |
_aJayant Kumar _9428930 |
||
| 942 |
_2CC _cTB _hX:515:(Z) Q4 _n0 |
||
| 999 |
_c1320387 _d1320387 |
||